| 000 | 00848ata a2200313 4500 | ||
|---|---|---|---|
| 005 | 20260428173715.0 | ||
| 008 | 150626b2005 xxu||||| |||| 00| 0 spa d | ||
| 020 | _a986574400 | ||
| 041 | _aESP | ||
| 082 | _a617.692 G216d | ||
| 100 | _aGarcía Micheelsen, José Luis | ||
| 100 |
_aOlavarría Astudillo, Luis Enrique _914275 |
||
| 245 | _aDiseño de prótesis parcial removible: secuencia paso a paso | ||
| 260 | _aColombia | ||
| 260 | _bAMOLCA | ||
| 260 | _c2005 | ||
| 300 | _a196 páginas | ||
| 300 | _bIlustraciones a color | ||
| 490 | _aMecánica Dental | ||
| 650 | _aPRÓTESIS DENTALES | ||
| 650 | _aPRÓTESIS PARCIAL REMOVIBLE | ||
| 650 | _aPARALELOGRAFO | ||
| 650 | _aRETENEDORES EXTRACORONARIOS | ||
| 650 | _aANCLAJE | ||
| 650 | _aIMPLANTES | ||
| 650 | _aCONECTORES | ||
| 650 | _aCINEMÁTICA | ||
| 942 |
_cBK _2ddc |
||
| 999 |
_c1512 _d1512 |
||